Society and ideology : (Record no. 5968)
[ view plain ]
| 000 -LEADER | |
|---|---|
| fixed length control field | 00810cam a2200241 a 4500 |
| 001 - CONTROL NUMBER | |
| control field | 4426915 |
| 005 - DATE AND TIME OF LATEST TRANSACTION | |
| control field | 20250129231956.0 |
| 008 - FIXED-LENGTH DATA ELEMENTS--GENERAL INFORMATION | |
| fixed length control field | 931103s1993 ii 000 0 eng d |
| 020 ## - INTERNATIONAL STANDARD BOOK NUMBER | |
| ISBN | 0195632141 |
| 040 ## - CATALOGING SOURCE (பட்டியலாக்க மூலம்) | |
| Original cataloging agency | NHC |
| Transcribing agency | NHC |
| Modifying agency | DLC |
| 082 00 - DDC Classification | |
| Class No. | 954 |
| DDC Edition Number | 3928 |
| Item Number - Author Mark | SOC |
| 245 00 - TITLE STATEMENT | |
| Title | Society and ideology : |
| Remainder of title | essays in South Asian history presented to Professor K.A. Ballhatchet / |
| Statement of responsibility, etc. | edited by Peter Robb, in collaboration with K.N. Chaudhuri and Avril Powell. |
| 260 ## - PUBLICATION, DISTRIBUTION, ETC. | |
| Place of publication, distribution, etc. | Delhi ; |
| -- | New York : |
| Name of publisher, distributor, etc. | Oxford University Press, |
| Date of publication, distribution, etc. | 1993. |
| 300 ## - PHYSICAL DESCRIPTION | |
| Extent (e.g. Volumes, Pages etc.) | x, 266 p. ; |
| 650 #0 - SUBJECT ADDED ENTRY--TOPICAL TERM | |
| Topical term or geographic name entry element | Ethnicity |
| 650 #0 - SUBJECT ADDED ENTRY--TOPICAL TERM | |
| Topical term or geographic name entry element | History |
| 650 #0 - SUBJECT ADDED ENTRY--TOPICAL TERM | |
| Topical term or geographic name entry element | Ideology |
| 700 1# - ADDED ENTRY--PERSONAL NAME | |
| Personal name | Robb, Peter |
| Relator term (Role) | Editor |
| 700 1# - ADDED ENTRY--PERSONAL NAME | |
| Personal name | Chaudhuri, K. N. |
| Relator term (Role) | Editor |
| 700 1# - ADDED ENTRY--PERSONAL NAME | |
| Personal name | Powell, Avril A. |
| Relator term (Role) | Editor |
| 856 42 - ELECTRONIC LOCATION AND ACCESS | |
| Uniform Resource Identifier | <a href="http://www.loc.gov/catdir/enhancements/fy0606/93226973-d.html">http://www.loc.gov/catdir/enhancements/fy0606/93226973-d.html</a> |
| 942 ## - Koha item type (Biblio) | |
| Koha item type | Books in Stacks (Lending) |
| Lost status | Damaged status | Collection code | Home library | Current library | Date acquired | Full call number | Accession Number | Item type |
|---|---|---|---|---|---|---|---|---|
| Lending | WERC Library | WERC Library | 01/30/2025 | 954 SOC | 3928 | Books in Stacks (Lending) |
